Cocktails par images - Statistiques

Statistiques générales
  • Ce quiz a été pris 999 fois
  • Le résultat moyen est 7 sur 16
Statistiques - réponses
Par images Réponse % Correct
Mojito
98%
Piña colada
90%
Spritz
86%
Sex on the beach
68%
Gin tonic
53%
Blue Lagoon
51%
Margarita
46%
Moscow Mule
45%
Bloody Mary
44%
Cuba libre
44%
Caïpirinha
27%
Ti-Punch
26%
Negroni
24%
Mimosa
21%
Gin Fizz
11%
Monaco
6%
Aucun quiz correspondant
Distribution des résultats
% des personnes avec chaque résultat
Percentile par nombre de réponses
Votre historique - résultats
Vous n’avez pas pris ce quiz